| 000 | 00555nam a2200181 4500 | ||
|---|---|---|---|
| 008 | 010521s1999 us engYA | ||
| 020 | _a0825425816 | ||
| 090 |
_aBV289 _bF13d |
||
| 100 | 1 | _aFagerstrom, Doug | |
| 245 | 1 | 0 |
_aDramas with a message : _b21 reproducible dramatic sketches for the local church / _cDoug Fagerstrom |
| 260 |
_aMichigan : _bKregel, _cc1999. |
||
| 300 | _a94 p. | ||
| 505 | 0 | _avol. III | |
| 650 | 4 | _aChristian drama, American | |
| 650 | 4 | _aDrama in Christian education | |
| 650 | 4 | _aDrama in public worship | |
| 950 | 0 | _18.99/9.50 | |
| 999 |
_c1450 _d1450 |
||